| 000 | 00928cab a2200265 4500 | ||
|---|---|---|---|
| 001 | WB3230-37 | ||
| 008 | 090401t1996 xxu||||| |||| 00| 0 eng d | ||
| 035 | _a(Sirsi) u64594 | ||
| 041 | _aeng | ||
| 245 | _aLandlords order eviction | ||
| 260 | _c1996 | ||
| 350 | _a0 | ||
| 490 |
_aSunday Telegraph _v28 July 1996, 12(1) |
||
| 520 | _aConsiders the legal rights and forums available to landlords and tenants now that deregulation of lettings has led to private landlords evicting more people, whether for rent arrears, breach of contract, nuisance or a wish to redevelop or sell the property. | ||
| 650 | _aACCELERATED POSSESSION PROCEDURE | ||
| 650 | _aASSURED SHORTHOLD TENANCIES | ||
| 650 | _aEVICTION | ||
| 650 | _aHOUSING BILL | ||
| 650 | _aPHANTOM RENTS | ||
| 650 | _aRENT ACT 1977 | ||
| 650 | _aRENT ASSESSMENT COMMITTEE | ||
| 690 | _aPROPERTY-LANDLORD AND TENANT | ||
| 942 | _n0 | ||
| 948 | _c04/03/1997 | ||
| 999 |
_c40239 _d40239 |
||